000 00770nam a2200193 i 4500
001 44778
003 ES-MaACL
005 20231227175039.0
007 t|
008 030324s1946 sp f |||| | spa d
100 1 _aClaret Rubira, José.
_939013
245 1 0 _aMuebles de estilo inglés y su influencia en el exterior
_b: desde los Tudor hasta la reina Victoria, con los grupos Colonial y Menorquín /
_cJosé Claret Rubira ; prólogo del marqués de Lozoya.
260 _aBarcelona :
_bGustavo Gili,
_c1946.
300 _aVII, 479 p., 418 lám. ;
_c31 cm.
650 4 _aMuebles-
_zGran Bretaña.
_9170483
700 1 _aLozoya, Juan de Contreras y López de Ayala,
_cMarqués de,
_d1893-1978
_9129112
852 _aES-MaACL
_jB-10676
999 _c44778
_d44778